|
|
|
|
| LEADER |
01143nam a2200289 a 4500 |
| 001 |
000547873 |
| 003 |
CZ BrMZK |
| 005 |
20060131092853.0 |
| 007 |
ta |
| 008 |
911008s1990 xr a f 000 m cze d |
| 015 |
|
|
|a cnb000062548
|
| 020 |
|
|
|q (Brož.)
|
| 035 |
|
|
|a (OCoLC)39576095
|
| 040 |
|
|
|a BOA001
|b cze
|
| 080 |
|
|
|a 911.375:801.311.15(437.272)(091)
|2 MRF
|
| 080 |
|
|
|a 801.311.15:911.375(437.272)(091)
|2 MRF
|
| 100 |
1 |
|
|a Gebauer, Josef,
|d 1942-2004
|7 jn20000400761
|4 aut
|
| 245 |
1 |
0 |
|a Náměstí a ulice města Opavy :
|b historický místopis /
|c Josef Gebauer, Pavel Šrámek ; reprodukční fotografie Bohumila Beilová, Josef Solnický
|
| 260 |
|
|
|a Opava :
|b Úřad města Opavy,
|c 1990
|
| 300 |
|
|
|a 189 s. :
|b fotogr., pl. ;
|c 24 cm
|
| 700 |
1 |
|
|a Beilová, Bohumila
|4 ill
|
| 700 |
1 |
|
|a Solnický, Josef,
|d 1931-2014
|7 jk01120398
|4 ill
|
| 700 |
1 |
|
|a Šrámek, Pavel,
|d 1949-
|7 ola2003201104
|4 aut
|
| 910 |
|
|
|a BOA001
|b 2-0972.923
|
| 964 |
|
|
|a Opava - ulice, náměstí a objekty významné - místopis historický - průvodce
|
| 990 |
|
|
|a BK
|
| 996 |
6 |
|
|b 2619729974
|c 2-0972.923
|l MZK
|r Sklad / do 1 hodiny
|n 19
|w 000547873
|u 000010
|a 1
|e BOA001
|j MZK50
|s P
|